Páginas dispersas / (Record no. 20450)
[ view plain ]
| 000 -CABECERA | |
|---|---|
| campo de control de longitud fija | 01145nam a2200265 a 4500 |
| 001 - NÚMERO DE CONTROL | |
| campo de control | 000020947 |
| 005 - FECHA Y HORA DE LA ÚLTIMA TRANSACCIÓN | |
| campo de control | 20240412074250.0 |
| 008 - DATOS DE LONGITUD FIJA--INFORMACIÓN GENERAL | |
| campo de control de longitud fija | 100824s1970 dr 001 e spa d |
| 040 ## - FUENTE DE LA CATALOGACIÓN | |
| Centro catalogador/agencia de origen | DO-SdBNP |
| Lengua de catalogación | spa |
| Centro/agencia transcriptor | BNPHU |
| 082 ## - NÚMERO DE LA CLASIFICACIÓN DECIMAL DEWEY | |
| Número de clasificación | RD864.44 |
| Número de documento/Ítem | M669p |
| 049 ## - FONDOS LOCALES (OCLC) | |
| Fondos de biblioteca | BNPD |
| 100 1# - ENTRADA PRINCIPAL--NOMBRE DE PERSONA | |
| Nombre de persona | Miolán, Ángel, |
| Fechas asociadas al nombre | 1912-2010 |
| 9 (RLIN) | 43877 |
| 245 10 - MENCIÓN DE TÍTULO | |
| Título | Páginas dispersas / |
| Mención de responsabilidad, etc. | Ángel Miolán ; presentación Eugenio María Contín. |
| 260 ## - PUBLICACIÓN, DISTRIBUCIÓN, ETC. | |
| Lugar de publicación, distribución, etc. | Santo Domingo : |
| Nombre del editor, distribuidor, etc. | Librería Dominicana, |
| Fecha de publicación, distribución, etc. | 1970. |
| 300 ## - DESCRIPCIÓN FÍSICA | |
| Extensión | 205 p. ; |
| Dimensiones | 22 cm. |
| 490 1# - MENCIÓN DE SERIE | |
| Mención de serie | Letras de Quisqueya |
| 500 ## - NOTA GENERAL | |
| Nota general | Incluye datos biográficos del autor en la solapa. |
| 505 0# - NOTA DE CONTENIDO CON FORMATO | |
| Título | Reportajes -- |
| -- | Comentarios panamericanistas -- |
| -- | Antitrujillismo -- |
| -- | Mensaje a la 1ª Convención Nacional del Partido del Pueblo -- |
| -- | Temas varios -- |
| -- | Pequeña biografía de un gran hombre: Mahatma Gandhi o un nuevo Dios?. |
| 650 #4 - PUNTO DE ACCESO ADICIONAL DE MATERIA--TÉRMINO DE MATERIA | |
| Término de materia o nombre geográfico como elemento de entrada | Ensayo dominicanos |
| 9 (RLIN) | 43878 |
| 650 #0 - PUNTO DE ACCESO ADICIONAL DE MATERIA--TÉRMINO DE MATERIA | |
| Término de materia o nombre geográfico como elemento de entrada | Literatura dominicana. |
| 9 (RLIN) | 67 |
| 650 #4 - PUNTO DE ACCESO ADICIONAL DE MATERIA--TÉRMINO DE MATERIA | |
| Término de materia o nombre geográfico como elemento de entrada | Diarios dominicanos |
| Subdivisión general | Secciones, columnas, etc. |
| 9 (RLIN) | 44 |
| 700 1# - PUNTO DE ACCESO ADICIONAL--NOMBRE DE PERSONA | |
| Nombre de persona | María Contín, Eugenio |
| 9 (RLIN) | 43879 |
| 830 #0 - PUNTO DE ACCESO ADICIONAL DE SERIE-TÍTULO UNIFORME | |
| Título uniforme | Letras de Quisqueya (República Dominicana) |
| 9 (RLIN) | 43880 |
| 910 ## - DATOS DE OPCIÓN DEL USUARIO (OCLC) | |
| Datos de opción del usuario | Validado. Control de calidad EMS. |
| Estado de retiro | Estado de pérdida | Restricciones de uso | No para préstamo | Código de colección | Localización permanente | Ubicación/localización actual | Ubicación en estantería | Fecha de adquisición | Número de inventario | Total de préstamos | Signatura topográfica completa | Código de barras | Fecha visto por última vez | Número de copia | Precio válido a partir de | Tipo de ítem Koha | Nota pública |
|---|---|---|---|---|---|---|---|---|---|---|---|---|---|---|---|---|---|
| Dominicana de Servicio | General | General | Depósito | 19.04.2011 | LF1 | RD864.44 M669p | 20947-30 | 25.06.2020 | e. 3 | 25.06.2020 | Libro y Folleto Colección Dominicana de Servicio | ||||||
| Dominicana de Servicio | General | General | Depósito | 05.05.2011 | LF1 | RD864.44 M669p | 20947-40 | 25.06.2020 | e. 4 | 25.06.2020 | Libro y Folleto Colección Dominicana de Servicio | ||||||
| Dominicana de Servicio | General | General | Depósito | 14.07.2011 | LF1 | RD864.44 M669p | 20947-50 | 25.06.2020 | e. 5 | 25.06.2020 | Libro y Folleto Colección Dominicana de Servicio | ||||||
| Excluido de préstamo | Raros y valiosos | Patrimonio Dominicano | Patrimonio Dominicano | Depósito | 24.08.2010 | LF1 | RD864.44 M669p | 20947-10 | 25.06.2020 | 25.06.2020 | No se presta | Pertenecio a la biblioteca personal de German Emilio Ornes. Dedicado por el autor. | |||||
| Excluido de préstamo | Raros y valiosos | Patrimonio Dominicano | Patrimonio Dominicano | Depósito | 19.04.2011 | LF1 | RD864.44 M669p | 20947-20 | 25.06.2020 | e. 2 | 25.06.2020 | No se presta | Dedicado por el autor a Pedro Alvaro Bobadilla. |
